| 000 | 00417nam a2200181Ia 4500 | ||
|---|---|---|---|
| 008 | 090123s9999 xx 000 0 und d | ||
| 082 | _b42566 | ||
| 100 | _aSHETH SNEHA | ||
| 245 | _a STORIES OF AKBAR BIRBAL | ||
| 250 | _a1 | ||
| 260 | _c2004 | ||
| 300 | _a124 | ||
| 600 | _aSHETH SNEHA | ||
| 630 | _a STORIES OF AKBAR BIRBAL | ||
| 700 | _aSHETH SNEHA | ||
| 730 | _a STORIES OF AKBAR BIRBAL | ||
| 942 | _cBOOK | ||
| 999 |
_c80644 _d80644 |
||